00985 2200301 4500001002100000005001500021035002500036007000300061008004100064020002200105040001200127082001600139084001400155090001800169090002100187245020000208250001100408260005600419300003600475504002500511650002500536700002500561700002200586850001200608999002100620990002100641990002100662INLIS00000000003015020190902112417 a0010-081700000000356ta170815s2017 yoi g ind d a978-602-6369-59-8 aYOPDYOG042[23]a371.3 a371.3 Pro aDEP 371.3 Pro aCB-D.11 2017-6060 aPrototipe modul pelatihan model pembelajaran van hiele dalam konteks pendidikan karakter untuk guru sekolah dasar /cIgnatia Esti SUmarah...[et.al]; editor, Ignatia Esti Sumarah; I.L. Madya Utama aCet. 12 aYogyakarta :bSanata Dharma University Press,c2017 avii, 46 hlm. :bilus. ;c21 cm. aBibliografi: hlm. 46 4aMetodik (Pendidikan)0 aIGNATIA ESTI SUMARAH1 aMADYA UTAMA,qI.L aYOPDYOG aCB-D.11/2017-606 aCB-D.11/2017-606 aCB-D.11/2017-606